000 nam a22 7a 4500
999 _c234421
_d234421
003 Nust
005 20170320162914.0
008 170320b xxu||||| |||| 00| 0 eng d
020 _a978-81-203-4171-5
040 _cASAB
082 _a612
245 _atechniques and methods in biology
_cK.L. Ghatak
300 _a684 P
942 _2ddc
_cBK